| 000 | 00628nam a2200193 4500 | ||
|---|---|---|---|
| 001 | 144410 | ||
| 003 | ES-MaACL | ||
| 007 | t| | ||
| 008 | 070214s1979 ag r ||||1| spa d | ||
| 100 | 1 |
_aSikora, Joachim. _9106327 |
|
| 245 | 1 | 0 |
_aManual de métodos creativos / _cJoachim Sikora ; traducción de María Teresa J. Parodi. |
| 260 |
_aBuenos Aires : _bKapelusz, _c1979. |
||
| 300 |
_a189 p. : _bil. ; _c23 cm. |
||
| 490 | 1 | _aCol. estudios e investigación | |
| 700 | 1 |
_aParodi, María Teresa J. _989209 |
|
| 830 | 0 |
_aCol. estudios e investigación _9220670 |
|
| 852 |
_aES-MaACL _jL-6742 _bR.107802 |
||
| 999 |
_c144410 _d144410 |
||